| 000 | 004120000a22001570004500 | ||
|---|---|---|---|
| 001 | 004738 | ||
| 003 | MACL | ||
| 040 | _aMACL | ||
| 090 |
_c16731 _d16730 |
||
| 100 | _aKrishnan, O.N. | ||
| 245 |
_aIn Search Of Reality _bA Layman's Jorney Through Indian Philosophy _cO.N. Krishnan |
||
| 260 |
_aMotilal Banarsidass Publishers, _c2004 |
||
| 350 | _a395 | ||
| 650 | _aPhilosophy And Physicology | ||
| 942 |
_k100 _cBook |
||
| 999 |
_c16625 _d16625 |
||